| 000 | 00591nam a22001697a 4500 | ||
|---|---|---|---|
| 005 | 20231115131425.0 | ||
| 008 | 231115b |||||||| |||| 00| 0 eng d | ||
| 020 | _a0702118281 | ||
| 041 | _aEnglish | ||
| 082 | _a344.1 NEW | ||
| 100 |
_aBrassey, MSM et al. _lEnglish |
||
| 245 |
_aThe New Labour Law : _bStrikes Dismissals and the Unfair Labour Practice in South African Law / _cMSM Brassey et al. |
||
| 260 |
_aCape Town : _bJuta and Company Ltd, _c1987 |
||
| 300 |
_bxxxii, 478 pages ; _c25,5 cm. |
||
| 650 |
_aLegal practice _bLaw |
||
| 942 |
_cBK _6ALISON_BN_VRIES |
||
| 999 |
_c682 _d682 |
||